Ekonomika a manažment vedecký časopis Fakulty podnikového manažmentu Ekonomickej univerzity v Bratislave

Salvato in:
Dettagli Bibliografici
Ente Autore: Ekonomická univerzita v Bratislave. Fakulta podnikového manažmentu
Natura: Periodico
Lingua:slovacco
inglese
Pubblicazione: Bratislava Nadácia Manažér
Soggetti:
Tags: Aggiungi Tag
Nessun Tag, puoi essere il primo ad aggiungerne!!

MARC

LEADER 00000nls a2200000 4500
001 0229759
005 20260119100553.2
022 |a 2454-1028 
041 0 |a slo 
041 0 |a eng 
044 |a SK 
245 1 0 |a Ekonomika a manažment  |b vedecký časopis Fakulty podnikového manažmentu Ekonomickej univerzity v Bratislave 
264 1 |a Bratislava  |b Nadácia Manažér 
500 |a [Od r. 2016 zmena vydavateľských údajov] 
610 2 0 |a manažment 
610 2 0 |a podnik 
610 2 0 |a riadenie podnikové 
610 2 0 |a teórie ekonomické 
710 2 |a Ekonomická univerzita v Bratislave. Fakulta podnikového manažmentu